[Event "Lippe Cup 02nd"]
[Site "Lieme"]
[Date "2005.10.08"]
[Round "2"]
[White "Kortschmar, Alexander"]
[Black "Radde, Horst"]
[Result "1-0"]
[WhiteElo "1625"]
[BlackElo "1780"]
[PlyCount "105"]
[EventDate "2005.10.07"]
[EventType "swiss"]
[EventRounds "5"]
[EventCountry "GER"]
[SourceTitle "EXT 2012"]
[Source "ChessBase"]
[SourceDate "2011.11.24"]
[SourceVersion "1"]
[SourceVersionDate "2011.11.24"]
[SourceQuality "1"]

1. c4 d6 2. Nf3 e6 3. Nc3 a6 4. d4 Nd7 5. e4 c5 6. d5 e5 7. Be2 h6 8. 0-0 g6 9. Bd2 Bg7 10. Rb1 Ne7 11. a3 0-0 12. b4 b6 13. Ne1 f5 14. f3 f4 15. Nd3 Nf6 16. bxc5 bxc5 17. Rb3 g5 18. Nf2 h5 19. Na4 Nd7 20. Qb1 Ng6 21. Nb6 Nxb6 22. Rxb6 Rf6 23. Ba5 Qe8 24. Rc6 Ne7 25. Rc7 Bf8 26. Qc2 Qg6 27. h3 Rf7 28. Rb1 g4 29. fxg4 hxg4 30. Nxg4 Qg5 31. Rb6 Ng6 32. Rxf7 Kxf7 33. Qa4 Ra7 34. Rb8 Bd7 35. Qb3 Be8 36. Rxe8 f3 37. gxf3 Be7 38. Qb8 Qh4 39. Kh2 Bg5 40. Rg8 Bf4+ 41. Kg1 Qg3+ 42. Kf1 Qxh3+ 43. Ke1 Qh1+ 44. Bf1 Bg3+ 45. Nf2 Re7 46. Ke2 Qh2 47. Be1 Qh6 48. Ng4 Qh4 49. Bxg3 Qxg3 50. Nh6+ Kf6 51. Qxd6+ Kg5 52. Rxg6+ Kh4 53. Qxe7+ 1-0